Statistics for Name That Wrestling Stable

Click here to take the quiz!

General Stats

  • This quiz has been taken 536 times
    (532 since last reset)
  • The average score is 20 of 36

Answer Stats

StableMember% Correct
D-Generation XTriple H
98%
D-Generation XShawn Michaels
96%
D-Generation XX-Pac
92%
D-Generation XChyna
91%
D-Generation XBilly Gunn
90%
The Straight Edge SocietyCM Punk
89%
D-Generation XRoad Dogg
88%
LegacyRandy Orton
87%
LegacyCody Rhodes
86%
LegacyTed DiBiase
81%
The Straight Edge SocietyLuke Gallows
74%
The CorreWade Barrett
65%
The Main Event MafiaSting
61%
The Main Event MafiaKurt Angle
60%
The CorreHeath Slater
59%
The CorreJustin Gabriel
55%
The Main Event MafiaKevin Nash
55%
D-Generation XRick Rude
52%
The Main Event MafiaBooker T
50%
The Straight Edge SocietySerena
48%
The MexicoolsSuper Crazy
46%
The Straight Edge SocietyJoseph Mercury
45%
The CorreEzekiel Jackson
44%
The Main Event MafiaScott Steiner
42%
The MexicoolsJuventud
40%
The MexicoolsPsicosis
34%
3 Live KruRon Killings
34%
Triple XChristopher Daniels
33%
3 Live KruBG James
31%
The RevolutionChris Benoit
28%
Triple XElix Skipper
27%
3 Live KruKonnan
27%
The RevolutionPerry Saturn
27%
The RevolutionDean Malenko
26%
Triple XLow Ki
21%
The RevolutionShane Douglas
20%

Score Distribution

Percentile by Number Answered

Percent of People with Each Score

Your Score History

You have not taken this quiz since the last reset